000 00308nam a22001337a 4500
008 170613b xxu||||| |||| 00| 0 eng d
020 _a9781933116464
041 _aeng
080 _a327
100 _a19
101 _aSHP
245 _aPERSPECTIVES ON INTERNATIONAL RELATIONS
_cNAU.H.R
942 _2udc
_cBK
999 _c17092
_d17092